Представление документа в формате MARC21

Поле Инд. ПП Название Значение
Тип записи a
Библиографический уровень b
001 Контрольный номер RU/IS/BASE/264552788
005 Дата корректировки 20200601191428.6
008 Кодируемые данные 19951102
084 a Индекс другой классификации/Индекс ББК 67.401.143.1(2Рос)
097 00 a 700
100 10 a Автор Бахрах Д. Н.
245 00 a Заглавие Таможенное право как институт административного права
650 a Основная рубрика административное право
a Основная рубрика право
653 00 a Ключевые слова Россия
a Ключевые слова таможенная служба
a Ключевые слова таможенное право
773 00 t Заглавие источника Государство и право
d Дата издания источника 1995
g Прочая информация № 3. - С. 13 - 21
w Контрольный № источника RU/IS/BASE/149279639
901 t Тип документа b